Statistics for Football Teams Zé Luís Played For

Click here to take the quiz!

General Stats

  • This quiz has been taken 6 times
  • The average score is 6 of 12

Answer Stats

LeagueYearsTeam% Correct
Portugal2019-2020FC Porto
100%
Portugal2011-2012SC Braga
100%
Portugal2012-2013SC Braga
100%
Portugal2014-2015SC Braga
100%
Portugal2009-2011Gil Vicente FC
33%
Portugal2012Gil Vicente FC
33%
Turkey2022-2023Hatayspor
33%
Russia2020-2022Lokomotiv Moscow
33%
Portugal2023-SC Farense
33%
Russia2015-2019Spartak Moscow
33%
Saudi Arabia2022Al-Taawoun FC
0%
Hungary2013-2014Fehérvár FC
0%

Score Distribution

Percentile by Number Answered

Percent of People with Each Score

Your Score History

You have not taken this quiz